| 000 | 00585nam a22001697a 4500 | ||
|---|---|---|---|
| 008 | 160408b xxu||||| |||| 00| 0 eng d | ||
| 020 | _a9788120757400 | ||
| 082 |
_22011 _aDC 005.57 _bM66 |
||
| 100 |
_95010 _aMinhas, Davinder Singh |
||
| 245 |
_aDrag and drop: _bMS Outlook 2010/ _cDavinder Singh Minhas |
||
| 260 |
_aNew Delhi: _bSterling Publishers Limited Inc., _cc2011. |
||
| 300 |
_a40 pages: _billustrations; _c28 cm. |
||
| 650 | 0 |
_95012 _aTime management _xComputer programs |
|
| 650 | 0 |
_95013 _aElectronic mail systems _xComputer programs |
|
| 365 |
_b210.00 _cPhp. |
||
| 942 |
_2ddc _cDC |
||
| 999 |
_c1605 _d1605 |
||